000
00358nam a2200133Ia 4500
008
231129s9999||||xx |||||||||||||| ||spa||
020
_a
84-8280-957-1
040
_b
spa
082
_a
813 C147c
100
_a
Caldwell Erskine
245
0
_a
El camino del tabaco
264
_a
EspaƱa : La Oveja Negra
942
_2
ddc
_c
BKS
999
_c
10453
_d
10453